000 00300nam a22001337a 4500
008 170404b xxu||||| |||| 00| 0 eng d
020 _a0125569506
041 _aeng
080 _a574
100 _a9
101 _aSHM
245 _aFINITE ELEMENT IN SURFOCA HYDROLOGY
_cPINDER.G.F
942 _2udc
_cBK
999 _c9647
_d9647